000 00411nam a2200133 4500
008 150521b xxu||||| |||| 00| 0 eng d
020 _a9966471901
050 _aKSK 1750 .O36 1995
100 _aOkondo, P. H.
_d1995
245 _aA commentary on the constitution of Kenya
260 _aNairobi:
_bPhoenix Publishers Ltd,
_c1995
300 _avi, 390p.
942 _2lcc
_cBOOKS
_hKSK 1750 .O36 1995
999 _c1039
_d1039